Jawaharlal Nehru : (Record no. 20669)

MARC details
000 -LEADER
fixed length control field 01014nam a2200265 a 4500
005 - DATE AND TIME OF LATEST TRANSACTION
control field 20070209091650.0
008 - FIXED-LENGTH DATA ELEMENTS--GENERAL INFORMATION
fixed length control field 060622s2005 ii 000 0 eng
010 ## - LCCN (DPL NO)
LC control number ENG-92373
020 ## - INTERNATIONAL STANDARD BOOK NUMBER
International Standard Book Number 9788180522895
Terms of availability 395.00
020 ## - INTERNATIONAL STANDARD BOOK NUMBER
International Standard Book Number 818052289X
Terms of availability 395.00
035 ## - SYSTEM CONTROL NUMBER
System control number EN-75906
037 ## - SOURCE OF ACQUISITION
Source of stock number/acquisition DBAD / PUB
040 ## - CATALOGING SOURCE
Original cataloging agency dpl
Language of cataloging English
082 ## - DEWEY DECIMAL CLASSIFICATION NUMBER
Classification number 320.5
100 ## - MAIN ENTRY--PERSONAL NAME
Personal name Saxena, A. P.
245 ## - TITLE STATEMENT
Title Jawaharlal Nehru :
Remainder of title the spirit of humanism /
Statement of responsibility, etc by A.P. Saxena.
260 ## - PUBLICATION, DISTRIBUTION, ETC. (IMPRINT)
Place of publication, distribution, etc New Delhi :
Name of publisher, distributor, etc Ane Books
Date of publication, distribution, etc 2008
270 ## - ADDRESS
Address 4821, Parwana Bhawan, Ist Floor, 24, Ansar Road, Daryaganj,
City New Delhi
Postal code 110002
300 ## - PHYSICAL DESCRIPTION
Extent xii, 165p.:
Dimensions 22 cm (Hb)
Other physical details b&w photos
500 ## - GENERAL NOTE
General note Includes index
600 ## - SUBJECT ADDED ENTRY--PERSONAL NAME
Personal name Nehru, Jawaharlal,
General subdivision Political and social views.
710 ## - ADDED ENTRY--CORPORATE NAME
Corporate name or jurisdiction name as entry element Indian Institute of Public Administration.
942 ## - ADDED ENTRY ELEMENTS (KOHA)
Source of classification or shelving scheme Dewey Decimal Classification
Item type English Books
Call number suffix SAX
Classification part 320.5
Holdings
Withdrawn status Lost status Source of classification or shelving scheme Damaged status Not for loan Collection code Home library Current library Date acquired Source of acquisition Cost, normal purchase price Total Checkouts Full call number Barcode Date last seen Copy number Cost, replacement price Koha item type
    Dewey Decimal Classification   Not For Loan Non-fiction D.B.Act.Division D.B.Act.Division 07/01/2009 DBAB / PUB 395.00   320.5SAX EN-75906 07/01/2009 1 395.00 English Books

© Delhi Public Library
Hit Counter
free hit counter